US States Map Quiz - Statistics

General Stats
  • This quiz has been taken 33 times
  • The average score is 41 of 50
Answers on the Map
Answers color-coded by a green-red scale on the quiz's map according to % correct below.
 
Answer Stats
Answer % Correct
Alaska
96%
California
92%
Colorado
92%
Washington
92%
Hawaii
88%
Idaho
88%
Nevada
88%
Oregon
88%
West Virginia
88%
Florida
84%
Georgia
84%
Illinois
84%
Louisiana
84%
Maine
84%
Minnesota
84%
Montana
84%
New Mexico
84%
South Carolina
84%
South Dakota
84%
Tennessee
84%
Texas
84%
Virginia
84%
Alabama
80%
Arizona
80%
Connecticut
80%
Kentucky
80%
Massachusetts
80%
Missouri
80%
Nebraska
80%
New Jersey
80%
North Carolina
80%
North Dakota
80%
Oklahoma
80%
Pennsylvania
80%
Rhode Island
80%
Utah
80%
Vermont
80%
Wyoming
80%
Delaware
76%
Indiana
76%
Michigan
76%
Mississippi
76%
New Hampshire
76%
New York
76%
Ohio
76%
Wisconsin
76%
Arkansas
72%
Kansas
72%
Maryland
72%
Iowa
56%
No matching quizzes found
Score Distribution
Percent of People with Each Score
Percentile by Number Answered
Your Score History
You have not taken this quiz